000 00550nam a2200217 a 4500
003 AR-BaBNM
005 20251128210710.0
008 082120s2002 ||||||||||||||000 | spa||
040 _cAR-BaBNM
100 1 _aNegri, Tomás Alva
245 0 0 _aDe las horas y los días
260 _aParís
_bEdiciones Cuco-rei
_c1982
300 _a68 p.
_bil.
650 4 _aLITERATURA ARGENTINA
650 4 _aPOESIA
650 4 _aLITERATURA CONTEMPORANEA
655 _aLITERATURA
700 1 _aTeana, Marino di
_eilustrador
942 _cBK
998 _cMARTIN
999 _c16496
_d16496